[Event "Pilsen Region-chT 2223"]
[Site "Czech Republic"]
[Date "2023.03.19"]
[Round "10.5"]
[White "Cerny, Vaclav"]
[Black "Mraz, Milos"]
[Result "1-0"]
[WhiteElo "1990"]
[BlackElo "1905"]
[PlyCount "39"]
[EventDate "2022.10.09"]
[EventType "team-tourn"]
[EventRounds "11"]
[EventCountry "CZE"]
[SourceTitle "EXT 2024"]
[Source "ChessBase"]
[SourceDate "2023.10.10"]
[SourceVersion "1"]
[SourceVersionDate "2023.10.10"]
[SourceQuality "1"]
[WhiteTeam "Domazlice"]
[BlackTeam "Loko"]
[WhiteTeamCountry "CZE"]
[BlackTeamCountry "CZE"]

1. e4 c6 2. Nf3 d5 3. Nc3 dxe4 4. Nxe4 Nd7 5. d4 Ngf6 6. Nxf6+ Nxf6 7. Bc4 Bg4 8. Bxf7+ Kxf7 9. Ne5+ Kg8 10. Nxg4 Nxg4 11. Qxg4 Qc8 12. Qg3 g6 13. Qb3+ e6 14. 0-0 Bg7 15. Re1 Kf7 16. Qf3+ Bf6 17. Bg5 Qd8 18. Re4 Kg7 19. Bxf6+ Qxf6 20. Qb3 1-0

[Event "CZE-chT2A 1920"]
[Site "Czech Republic"]
[Date "2020.06.27"]
[Round "10.7"]
[White "Cerny, Vaclav"]
[Black "Hlavsa, Filip"]
[Result "1-0"]
[WhiteElo "1992"]
[BlackElo "1901"]
[PlyCount "71"]
[EventDate "2019.10.13"]
[EventType "team-tourn"]
[EventRounds "11"]
[EventCountry "CZE"]
[SourceTitle "EXT 2024"]
[Source "ChessBase"]
[SourceDate "2023.10.10"]
[SourceVersion "1"]
[SourceVersionDate "2023.10.10"]
[SourceQuality "1"]
[WhiteTeam "Domazlice"]
[BlackTeam "Pisek"]
[WhiteTeamCountry "CZE"]
[BlackTeamCountry "CZE"]

1. e4 d6 2. d4 Nf6 3. Nc3 Nbd7 4. Nf3 e5 5. Be2 c6 6. a4 Be7 7. 0-0 Qc7 8. h3 0-0 9. Be3 b6 10. Nd2 a6 11. f4 Bb7 12. Bf3 Rfe8 13. Qe1 b5 14. Qg3 exd4 15. Bxd4 b4 16. Nd1 c5 17. Bf2 Bf8 18. Re1 c4 19. c3 Nc5 20. e5 dxe5 21. fxe5 Bxf3 22. exf6 Qxg3 23. Bxg3 Rxe1+ 24. Bxe1 Re8 25. Nxf3 Nd3 26. Nf2 Nxb2 27. cxb4 Rc8 28. Bc3 Nd3 29. Nxd3 cxd3 30. Bd2 gxf6 31. Kf2 Rc4 32. Rb1 a5 33. b5 Bc5+ 34. Kf1 Bb6 35. Rc1 Rxa4 36. Bh6 1-0

[Event "CZE-chT2A 1718"]
[Site "Czech Republic"]
[Date "2018.04.08"]
[Round "11.8"]
[White "Cerny, Vaclav"]
[Black "Holes, Michal"]
[Result "0-1"]
[WhiteElo "2025"]
[BlackElo "2096"]
[PlyCount "52"]
[EventDate "2017.10.15"]
[EventType "team-tourn"]
[EventRounds "11"]
[EventCountry "CZE"]
[SourceTitle "EXT 2022"]
[Source "ChessBase"]
[SourceDate "2021.10.06"]
[SourceVersion "1"]
[SourceVersionDate "2021.10.06"]
[SourceQuality "1"]
[WhiteTeam "Klatovy"]
[BlackTeam "Karlovy Vary Tietz"]
[WhiteTeamCountry "CZE"]
[BlackTeamCountry "CZE"]

1. e4 e5 2. Nf3 Nc6 3. Bb5 f5 4. exf5 e4 5. Qe2 Qe7 6. Bxc6 dxc6 7. Nd4 Qe5 8. Nf3 Qe7 9. Nd4 Nh6 10. Nc3 Nxf5 11. Nxf5 Bxf5 12. 0-0 0-0-0 13. Re1 Re8 14. b3 Qe6 15. Bb2 Bd6 16. Nd1 Qh6 17. g3 Rhf8 18. Ne3 Bd7 19. a3 g5 20. c4 c5 21. Bc3 Rf3 22. b4 Ref8 23. Rf1 Qh3 24. Nd5 Bg4 25. Qxe4 Rxc3 26. Nf4 gxf4 0-1

[Event "CZE-chT2A 1112"]
[Site "Czech Republic"]
[Date "2012.01.22"]
[Round "6"]
[White "Korostenski, Frantisek"]
[Black "Cerny, Vaclav"]
[Result "1/2-1/2"]
[WhiteElo "2183"]
[BlackElo "2031"]
[PlyCount "41"]
[EventDate "2011.10.09"]
[EventType "team-tourn"]
[EventRounds "11"]
[EventCountry "CZE"]
[SourceTitle "EXT 2013"]
[Source "ChessBase"]
[SourceDate "2012.11.22"]
[SourceVersion "1"]
[SourceVersionDate "2012.11.22"]
[SourceQuality "1"]
[WhiteTeam "Cesky Krumlov"]
[BlackTeam "Domazlice"]
[WhiteTeamCountry "CZE"]
[BlackTeamCountry "CZE"]

1. e4 g6 2. d4 Bg7 3. Nc3 d6 4. Bf4 Nf6 5. Qd2 0-0 6. 0-0-0 Nc6 7. Be2 a6 8. Nf3 b5 9. e5 Ng4 10. Qe1 Bd7 11. Kb1 Rb8 12. Ne4 Qc8 13. h3 dxe5 14. dxe5 Ngxe5 15. Nc5 Nxf3 16. Bxf3 Nd4 17. Nxd7 Qxd7 18. Qe4 f5 19. Qe3 Qe8 20. Rxd4 e5 21. Bxe5 1/2-1/2

[Event "CZE-chT2A 1112"]
[Site "Czech Republic"]
[Date "2011.11.20"]
[Round "3"]
[White "Toman, Antonin"]
[Black "Cerny, Vaclav"]
[Result "1/2-1/2"]
[WhiteElo "1972"]
[BlackElo "2031"]
[PlyCount "58"]
[EventDate "2011.10.09"]
[EventType "team-tourn"]
[EventRounds "11"]
[EventCountry "CZE"]
[SourceTitle "EXT 2013"]
[Source "ChessBase"]
[SourceDate "2012.11.22"]
[SourceVersion "1"]
[SourceVersionDate "2012.11.22"]
[SourceQuality "1"]
[WhiteTeam "Jindrichuv Hradec"]
[BlackTeam "Domazlice"]
[WhiteTeamCountry "CZE"]
[BlackTeamCountry "CZE"]

1. e4 c5 2. b3 Nc6 3. Bb2 d6 4. Nc3 Nf6 5. h3 e6 6. Nf3 Bd7 7. d4 cxd4 8. Nxd4 a6 9. f4 Qa5 10. Nxc6 Bxc6 11. Bd3 Be7 12. Qd2 b5 13. Nb1 Qb6 14. Qe2 d5 15. Nd2 dxe4 16. Bxe4 Nxe4 17. Nxe4 Bxe4 18. Qxe4 Rd8 19. Ke2 0-0 20. Rhd1 b4 21. g4 Bh4 22. Bd4 Qb5+ 23. Kf3 Rxd4 24. Rxd4 Bf6 25. Rad1 Bxd4 26. Qxd4 Qc6+ 27. Qe4 Qc3+ 28. Qd3 Qc6+ 29. Qe4 Qc3+ 1/2-1/2

[Event "CZE-chT2A 1011"]
[Site "Czech Republic"]
[Date "2010.11.07"]
[Round "2"]
[White "Simunek, Filip"]
[Black "Cerny, Vaclav"]
[Result "1-0"]
[WhiteElo "2138"]
[BlackElo "1963"]
[PlyCount "77"]
[EventDate "2010.10.17"]
[EventType "team-tourn"]
[EventRounds "11"]
[EventCountry "CZE"]
[SourceTitle "EXT 2012"]
[Source "ChessBase"]
[SourceDate "2011.11.24"]
[SourceVersion "1"]
[SourceVersionDate "2011.11.24"]
[SourceQuality "1"]
[WhiteTeam "Plzen Sokol"]
[BlackTeam "Domazlice"]
[WhiteTeamCountry "CZE"]
[BlackTeamCountry "CZE"]

1. d4 g6 2. Nf3 Nf6 3. c4 Bg7 4. Nc3 0-0 5. e4 d6 6. Be2 e5 7. 0-0 Nc6 8. d5 Ne7 9. Ne1 Nd7 10. Be3 f5 11. f3 f4 12. Bf2 g5 13. Rc1 Ng6 14. c5 Nf6 15. cxd6 cxd6 16. Nb5 Rf7 17. Nxa7 Bd7 18. Qb3 Qb8 19. Nb5 Bxb5 20. Bxb5 g4 21. Bb6 Bh6 22. a4 Rg7 23. Kh1 Kh8 24. Rc4 Nh4 25. Qc2 Bg5 26. Rc7 Qf8 27. Rxg7 Qxg7 28. Qc7 Qh6 29. Qxd6 Ng6 30. Qe6 Nh5 31. Kg1 Ng3 32. Rf2 Nxe4 33. fxe4 g3 34. hxg3 fxg3 35. Rf7 Qh2+ 36. Kf1 Bh6 37. Qf6+ Kg8 38. d6 Nf4 39. Rf8+ 1-0

[Event "CZE-ch Juniors op-A"]
[Site "Kouty nad Desnou"]
[Date "2009.03.11"]
[Round "6"]
[White "Cerny, Vaclav"]
[Black "Binder, Jan"]
[Result "1-0"]
[WhiteElo "1989"]
[BlackElo "1722"]
[PlyCount "41"]
[EventDate "2009.03.07"]
[EventType "swiss"]
[EventRounds "9"]
[EventCountry "CZE"]
[SourceTitle "EXT 2011"]
[Source "ChessBase"]
[SourceDate "2010.11.26"]
[SourceVersion "1"]
[SourceVersionDate "2010.11.26"]
[SourceQuality "1"]

1. e4 e6 2. d4 d5 3. Nd2 c5 4. exd5 exd5 5. Ngf3 Nc6 6. Bb5 Bd7 7. 0-0 cxd4 8. Nb3 Nf6 9. Qe2+ Be7 10. Re1 d3 11. cxd3 Rc8 12. Bg5 Kf8 13. Bxc6 Bxc6 14. Nbd4 Bd7 15. Ne5 h6 16. Bxf6 Bxf6 17. Qf3 Be6 18. Nxe6+ fxe6 19. Ng6+ Kf7 20. Nxh8+ Qxh8 21. Qe3 1-0

[Event "CZE-ch Juniors op-A"]
[Site "Kouty nad Desnou"]
[Date "2009.03.10"]
[Round "5"]
[White "Safarik, Jakub"]
[Black "Cerny, Vaclav"]
[Result "1-0"]
[WhiteElo "1866"]
[BlackElo "1989"]
[PlyCount "67"]
[EventDate "2009.03.07"]
[EventType "swiss"]
[EventRounds "9"]
[EventCountry "CZE"]
[SourceTitle "EXT 2011"]
[Source "ChessBase"]
[SourceDate "2010.11.26"]
[SourceVersion "1"]
[SourceVersionDate "2010.11.26"]
[SourceQuality "1"]

1. d4 g6 2. c4 Nf6 3. Nc3 Bg7 4. e4 d6 5. Nf3 0-0 6. Bg5 h6 7. Bh4 Nbd7 8. Be2 c5 9. d5 a6 10. a4 Qa5 11. 0-0 Re8 12. Qc2 Nh5 13. Nd2 Nf4 14. Bg3 g5 15. Nb3 Qc7 16. Bxf4 gxf4 17. Qd2 Be5 18. g3 Nf6 19. Bf3 fxg3 20. Qxh6 gxh2+ 21. Kh1 Nh7 22. Bh5 Kh8 23. Bxf7 Rf8 24. Bg6 e6 25. Bxh7 Rf6 26. Bg6+ Kg8 27. f4 Bxc3 28. bxc3 Qg7 29. Qxg7+ Kxg7 30. f5 exf5 31. exf5 Bd7 32. Nd2 Bxf5 33. Bxf5 Raf8 34. Bd3 1-0

[Event "CZE-ch Juniors op-A"]
[Site "Kouty nad Desnou"]
[Date "2009.03.08"]
[Round "2"]
[White "Cerny, Vaclav"]
[Black "Kratochvil, Josef"]
[Result "0-1"]
[WhiteElo "1989"]
[BlackElo "2133"]
[PlyCount "130"]
[EventDate "2009.03.07"]
[EventType "swiss"]
[EventRounds "9"]
[EventCountry "CZE"]
[SourceTitle "EXT 2011"]
[Source "ChessBase"]
[SourceDate "2010.11.26"]
[SourceVersion "1"]
[SourceVersionDate "2010.11.26"]
[SourceQuality "1"]

1. e4 c5 2. c3 d6 3. d4 Nf6 4. dxc5 Nc6 5. Bd3 dxc5 6. Nf3 e5 7. Bg5 Be7 8. Bxf6 Bxf6 9. 0-0 0-0 10. Qe2 Ne7 11. Nfd2 Ng6 12. g3 h5 13. Rd1 Bg4 14. f3 Bh3 15. Nf1 Bg5 16. Nbd2 Qc7 17. a4 Ne7 18. Ne3 Rad8 19. Ndf1 g6 20. Bc4 Kg7 21. Nd5 Nxd5 22. Bxd5 h4 23. Rd3 Bxf1 24. Kxf1 hxg3 25. hxg3 Rh8 26. Rdd1 Qc8 27. Qg2 c4 28. Ke2 Qc5 29. Qf2 Qxf2+ 30. Kxf2 Rh2+ 31. Ke1 Rdh8 32. Bxc4 Rxb2 33. Rab1 Rh1+ 34. Bf1 Ra2 35. Ra1 Rg2 36. Rab1 Rxg3 37. Kf2 Bf4 38. Bg2 Rh2 39. Rg1 b6 40. Rbd1 Rg5 41. Rd7 Kf6 42. Rxa7 Bd2 43. Rc7 Ke6 44. Rc8 Kd7 45. Rc4 f5 46. exf5 gxf5 47. f4 Rg4 48. Kf1 Rxf4+ 49. Rxf4 Bxf4 50. Kf2 e4 51. Rf1 Bd6 52. Kg1 Rh5 53. Kf2 Ke6 54. Re1 Ke5 55. Rb1 Bc5+ 56. Kf1 Rh4 57. a5 bxa5 58. Rb5 Kd5 59. Rxa5 Rh7 60. Ra8 Ke5 61. Re8+ Kf4 62. Re6 Ba7 63. Re8 Ke3 64. Rf8 f4 65. Re8 f3 0-1

[Event "CZE-ch Juniors op-A"]
[Site "Sec u Chrudimi"]
[Date "2008.03.13"]
[Round "7"]
[White "Palek, Miroslav"]
[Black "Cerny, Vaclav"]
[Result "1-0"]
[WhiteElo "2261"]
[BlackElo "2046"]
[PlyCount "79"]
[EventDate "2008.03.08"]
[EventType "swiss"]
[EventRounds "9"]
[EventCountry "CZE"]
[SourceTitle "EXT 2009"]
[Source "ChessBase"]
[SourceDate "2008.11.26"]
[SourceVersion "1"]
[SourceVersionDate "2008.11.26"]
[SourceQuality "1"]

1. e4 c5 2. Nf3 Nc6 3. Bb5 g6 4. 0-0 Bg7 5. c3 Nf6 6. Re1 0-0 7. d4 d5 8. exd5 Qxd5 9. c4 Qd6 10. d5 Nd4 11. Nxd4 cxd4 12. Nd2 a6 13. Ba4 b5 14. cxb5 axb5 15. Bxb5 Qxd5 16. Qb3 Bb7 17. Qxd5 Nxd5 18. Nc4 Rfc8 19. Bd2 Ba6 20. Bxa6 Rxa6 21. Rec1 e5 22. Na5 Rb8 23. Rc5 Ne7 24. b4 Rc8 25. Rac1 Rxc5 26. Rxc5 h6 27. b5 Rb6 28. a4 f6 29. h4 Bf8 30. Rc7 Nd5 31. Rc8 Kf7 32. Nc4 Rb7 33. Bxh6 Bb4 34. Rc6 Nc3 35. Bd2 Be7 36. Na5 Ra7 37. b6 Ra8 38. b7 Rb8 39. Bxc3 dxc3 40. Rxc3 1-0

[Event "CZE-ch Juniors op-A"]
[Site "Sec u Chrudimi"]
[Date "2008.03.11"]
[Round "5"]
[White "Schmalz, Michal"]
[Black "Cerny, Vaclav"]
[Result "1/2-1/2"]
[WhiteElo "1860"]
[BlackElo "2046"]
[PlyCount "93"]
[EventDate "2008.03.08"]
[EventType "swiss"]
[EventRounds "9"]
[EventCountry "CZE"]
[SourceTitle "EXT 2009"]
[Source "ChessBase"]
[SourceDate "2008.11.26"]
[SourceVersion "1"]
[SourceVersionDate "2008.11.26"]
[SourceQuality "1"]

1. e4 c5 2. Nf3 Nc6 3. d4 cxd4 4. Nxd4 g6 5. c4 Nf6 6. Nc3 d6 7. Be2 Nxd4 8. Qxd4 Bg7 9. Be3 0-0 10. Qd1 Be6 11. 0-0 Qa5 12. Rc1 Rfc8 13. b3 b5 14. Nxb5 Nxe4 15. Bf3 f5 16. Qd3 Qxa2 17. Bxe4 fxe4 18. Qxe4 Bf7 19. Qxe7 Qxb3 20. Nxd6 Rf8 21. Nxf7 Rxf7 22. Qe6 Raf8 23. c5 Qa3 24. Qd5 Qa5 25. Rfd1 h5 26. Rb1 Qa6 27. h3 Kh7 28. Rdc1 Rc7 29. Qd6 Qc8 30. Bg5 Rc6 31. Qe7 Rc7 32. Qe3 Rff7 33. h4 Rc6 34. Qa3 Bd4 35. Be3 Bf6 36. g3 Qg4 37. Qb4 Qxb4 38. Rxb4 Be5 39. Re4 Bg7 40. Bf4 Bf8 41. Be3 Rfc7 42. Rec4 Rd7 43. f3 Bh6 44. Bxh6 Kxh6 45. Ra1 Rd5 46. Rxa7 Rdxc5 47. Rxc5 1/2-1/2

[Event "CZE-ch Juniors op-A"]
[Site "Sec u Chrudimi"]
[Date "2008.03.08"]
[Round "1"]
[White "Rezac, Jindrich"]
[Black "Cerny, Vaclav"]
[Result "1/2-1/2"]
[WhiteElo "1817"]
[BlackElo "2046"]
[PlyCount "53"]
[EventDate "2008.03.08"]
[EventType "swiss"]
[EventRounds "9"]
[EventCountry "CZE"]
[SourceTitle "EXT 2009"]
[Source "ChessBase"]
[SourceDate "2008.11.26"]
[SourceVersion "1"]
[SourceVersionDate "2008.11.26"]
[SourceQuality "1"]

1. d4 Nf6 2. c4 g6 3. Nc3 Bg7 4. e3 0-0 5. Nf3 d6 6. Be2 Nbd7 7. 0-0 e5 8. dxe5 dxe5 9. Qc2 c6 10. Rd1 Qe7 11. e4 a5 12. h3 Nc5 13. b3 Nh5 14. Ba3 b6 15. Na4 Rb8 16. Qd2 Nf4 17. Qe3 Nfe6 18. Nxc5 bxc5 19. Rac1 Nd4 20. Rd2 Rd8 21. Ne1 Qh4 22. Nf3 Nxf3+ 23. Bxf3 Re8 24. g3 Qxh3 25. Bg2 Qh5 26. Bf3 Qh3 27. Bg2 1/2-1/2

[Event "CZE-chT2a 0607"]
[Site "Czech Republic"]
[Date "2007.03.11"]
[Round "9.6"]
[White "Cerny, Vaclav"]
[Black "Chalus, Karel"]
[Result "0-1"]
[WhiteElo "2085"]
[BlackElo "2092"]
[PlyCount "72"]
[EventDate "2006.10.15"]
[EventType "team"]
[EventRounds "11"]
[EventCountry "CZE"]
[SourceTitle "EXT 2009"]
[Source "ChessBase"]
[SourceDate "2008.11.26"]
[SourceVersion "1"]
[SourceVersionDate "2008.11.26"]
[SourceQuality "1"]
[WhiteTeam "Domazlice"]
[BlackTeam "Plzen Letna"]
[WhiteTeamCountry "CZE"]
[BlackTeamCountry "CZE"]

1. e4 e5 2. Nf3 Nc6 3. Bb5 a6 4. Ba4 Nf6 5. d4 exd4 6. 0-0 Be7 7. Re1 0-0 8. e5 Ne8 9. c3 d6 10. exd6 Nxd6 11. Bxc6 bxc6 12. Nxd4 Bb7 13. Bf4 Bg5 14. Qg4 Re8 15. Nd2 Bxf4 16. Qxf4 Qd7 17. N2b3 Rxe1+ 18. Rxe1 Re8 19. Rxe8+ Qxe8 20. Kf1 h6 21. Nc5 Bc8 22. b3 a5 23. Qf3 Qe5 24. Qxc6 Qxh2 25. Nf3 Qh1+ 26. Ng1 Qh5 27. g3 Bh3+ 28. Nxh3 Qxh3+ 29. Kg1 Qg4 30. Kg2 Nf5 31. Qe8+ Kh7 32. Qe4 Qg6 33. g4 Nh4+ 34. Kg3 f5 35. Qf4 Qc6 36. Kxh4 g5+ 0-1

[Event "CZE-chT2a 0607"]
[Site "Czech Republic"]
[Date "2006.11.19"]
[Round "3.6"]
[White "Cerny, Vaclav"]
[Black "Hlavacek, Karel"]
[Result "1-0"]
[WhiteElo "2085"]
[BlackElo "2118"]
[PlyCount "31"]
[EventDate "2006.10.15"]
[EventType "team"]
[EventRounds "11"]
[EventCountry "CZE"]
[SourceTitle "EXT 2009"]
[Source "ChessBase"]
[SourceDate "2008.11.26"]
[SourceVersion "1"]
[SourceVersionDate "2008.11.26"]
[SourceQuality "1"]
[WhiteTeam "Domazlice"]
[BlackTeam "Pribram Alva"]
[WhiteTeamCountry "CZE"]
[BlackTeamCountry "CZE"]

1. e4 c5 2. c3 d5 3. exd5 Qxd5 4. d4 e6 5. Nf3 Nf6 6. Bd3 Be7 7. 0-0 0-0 8. Re1 b6 9. Bg5 Bb7 10. c4 Qd8 11. Nc3 Nc6 12. d5 exd5 13. Bxf6 Bxf6 14. Nxd5 Nd4 15. Nxd4 Bxd4 16. Bxh7+ 1-0

[Event "Klatovy op-B"]
[Site "Klatovy"]
[Date "2004.07.??"]
[Round "?"]
[White "Cerny, Vaclav"]
[Black "Sibl, Vaclav"]
[Result "1/2-1/2"]
[WhiteElo "1655"]
[BlackElo "1925"]
[PlyCount "48"]
[EventDate "2004.07.??"]
[EventType "swiss"]
[EventRounds "9"]
[EventCountry "CZE"]
[SourceTitle "EXT 2007"]
[Source "ChessBase"]
[SourceDate "2006.11.23"]
[SourceVersion "1"]
[SourceVersionDate "2006.11.23"]
[SourceQuality "1"]

1. e4 d6 2. d4 Nf6 3. Nc3 Nbd7 4. Nf3 e5 5. Bc4 Be7 6. 0-0 0-0 7. Re1 c6 8. a4 b6 9. d5 cxd5 10. Nxd5 Nxd5 11. Bxd5 Rb8 12. Nd2 Nf6 13. c4 Nxd5 14. cxd5 f5 15. exf5 Bxf5 16. Ne4 Rc8 17. Bd2 Rc4 18. f3 Qd7 19. Rc1 Rfc8 20. Qb3 Rxc1 21. Rxc1 Rxc1+ 22. Bxc1 Qc7 23. Bd2 h6 24. Kf2 Kf8 1/2-1/2

[Event "Plzen op-C 10th"]
[Site "Plzen"]
[Date "2004.??.??"]
[Round "3"]
[White "Cerny, Vaclav"]
[Black "Koenigs, Christoph"]
[Result "0-1"]
[WhiteElo "1655"]
[BlackElo "1765"]
[PlyCount "58"]
[EventDate "2004.08.??"]
[EventType "swiss"]
[EventRounds "9"]
[EventCountry "CZE"]
[SourceTitle "EXT 2007"]
[Source "ChessBase"]
[SourceDate "2006.11.23"]
[SourceVersion "1"]
[SourceVersionDate "2006.11.23"]
[SourceQuality "1"]

1. e4 c5 2. c3 d5 3. exd5 Qxd5 4. d4 cxd4 5. cxd4 e6 6. Nc3 Bb4 7. Nf3 Nf6 8. Bd3 0-0 9. 0-0 Bxc3 10. bxc3 Nbd7 11. Re1 b5 12. a4 bxa4 13. c4 Qc6 14. Ba3 Rd8 15. d5 exd5 16. Nd4 Qc7 17. Nb5 Qb6 18. cxd5 Nc5 19. Bc4 Bg4 20. Qd4 Nb3 21. Qxb6 axb6 22. Bxb3 axb3 23. f3 Bf5 24. Be7 Rxa1 25. Rxa1 b2 26. Re1 Rc8 27. Na3 Rc1 28. Kf2 Rxe1 29. Kxe1 Nxd5 0-1

[Event "Plzen op-C 10th"]
[Site "Plzen"]
[Date "2004.??.??"]
[Round "9"]
[White "Cerny, Vaclav"]
[Black "Rouc, Michal"]
[Result "0-1"]
[WhiteElo "1655"]
[BlackElo "1775"]
[PlyCount "86"]
[EventDate "2004.08.??"]
[EventType "swiss"]
[EventRounds "9"]
[EventCountry "CZE"]
[SourceTitle "EXT 2007"]
[Source "ChessBase"]
[SourceDate "2006.11.23"]
[SourceVersion "1"]
[SourceVersionDate "2006.11.23"]
[SourceQuality "1"]

1. e4 e5 2. Nf3 Nc6 3. Bb5 a6 4. Ba4 Nf6 5. d4 exd4 6. 0-0 Be7 7. Re1 b5 8. Bb3 d6 9. c3 Bg4 10. cxd4 Bxf3 11. gxf3 Na5 12. Bc2 Nd7 13. Nc3 c5 14. dxc5 dxc5 15. Bf4 Nc6 16. e5 Nd4 17. Be4 Ra7 18. Bg3 0-0 19. f4 f5 20. Bd5+ Kh8 21. Bg2 Nb8 22. Re3 Rd7 23. Kh1 Nbc6 24. Rd3 Nb4 25. Rd2 Qc8 26. a3 Nbc6 27. Nd5 Qb8 28. Rc1 Qa7 29. Ne3 Rdd8 30. Bxc6 Nxc6 31. Nd5 Nd4 32. Nxe7 Qb7+ 33. f3 Nxf3 34. Rd5 Nd4 35. Rcxc5 Ne6 36. Bf2 Qxe7 37. Kg1 Nxc5 38. Bxc5 Qxc5+ 39. Rxc5 Rxd1+ 40. Kf2 Rd2+ 41. Ke3 Rfd8 42. Rc3 Rxh2 43. e6 Rh3+ 0-1